[Event "FRA-chT4 0405"]
[Site "Franconville"]
[Date "2005.02.06"]
[Round "5.1"]
[White "Chochoy, Nicolas"]
[Black "Olvera, Cosme"]
[Result "0-1"]
[WhiteElo "1940"]
[BlackElo "1950"]
[PlyCount "82"]
[EventDate "2004.10.10"]
[EventType "team"]
[EventRounds "7"]
[EventCountry "FRA"]
[SourceTitle "EXT 2007"]
[Source "ChessBase"]
[SourceDate "2006.11.23"]
[SourceVersion "1"]
[SourceVersionDate "2006.11.23"]
[SourceQuality "1"]

1. e4 c5 2. Nf3 Nc6 3. d4 cxd4 4. Nxd4 Nf6 5. Nc3 d6 6. Bc4 e5 7. Nf3 Be7 8. Bg5 Bg4 9. h3 Bh5 10. g4 Bg6 11. Bxf6 Bxf6 12. Qd2 0-0 13. g5 Nd4 14. Nxd4 Bxg5 15. Qd3 exd4 16. Qxd4 Bf6 17. Qd3 Qa5 18. 0-0-0 Bxc3 19. Qxc3 Qxc3 20. bxc3 Bxe4 21. Rhe1 Bc6 22. Rxd6 Rfe8 23. Rxe8+ Rxe8 24. Kd2 Kf8 25. Rd4 Re5 26. Rf4 f6 27. Bd3 h6 28. Rd4 Ke7 29. Rg4 g5 30. Rd4 h5 31. f4 Ra5 32. fxg5 fxg5 33. Be2 h4 34. Bc4 Bg2 35. Rd3 g4 36. Re3+ Kf6 37. hxg4 h3 38. Re6+ Kg5 39. Re8 h2 40. Rg8+ Kf4 41. Rf8+ Kg3 0-1